Les 20 plus grandes villes de l'Indre sur une carte - Statistiques

Statistiques générales
  • Ce quiz a été pris 76 fois
  • Le résultat moyen est 10 sur 20
Réponses sur la Carte
Les réponses sont colorées sur une échelle allant du rouge au vert en fonction du pourcentage des utilisateurs qui les ont devinées à leur premier essai. Vous pouvez retrouver ces pourcentages ci-dessous.
 
Statistiques - réponses
Population Initiale Ville % Correct
43 079 C Châteauroux
100%
10 953 I Issoudun
93%
4 038 (La) C La Châtre
86%
6 188 (Le) B Le Blanc
76%
7 618 D Déols
71%
4 817 A Argenton-sur-Creuse
64%
5 848 (Le) P Le Poinçonnet
59%
1 959 V Vatan
49%
4 431 B Buzançais
47%
3 589 S Saint-Maur
46%
3 747 A Ardentes
44%
2 239 V Valençay
44%
2 296 C Châtillon-sur-Indre
36%
2 615 V Villedieu-sur-Indre
34%
2 802 L Levroux
31%
2 009 R Reuilly
29%
2 762 C Chabris
27%
1 714 S Saint-Gaultier
27%
1 781 (Le) P Le Pêchereau
22%
1 657 N Neuvy-Saint-Sépulchre
22%
Aucun quiz correspondant
Distribution des résultats
% des personnes avec chaque résultat
Percentile par nombre de réponses
Votre historique - résultats
Vous n’avez pas pris ce quiz